| 000 | nam a22 7a 4500 | ||
|---|---|---|---|
| 999 |
_c19199 _d19199 |
||
| 008 | 170114b xxu||||| |||| 00| 0 eng d | ||
| 050 | _aGV 409 .E68 1960 | ||
| 245 | _aEquipment and supplies for athletics, physical education, and rcreation/ | ||
| 260 |
_aWashington, D.C., _bAmerican Association for Health, Physical Education, _cc1960. |
||
| 300 |
_avi, 97p. : _bill ; _c29 cm. |
||
| 500 | _aIncludes index. | ||
| 650 | _aAthletics. | ||
| 942 |
_2lcc _cBOOKS _hGV 409 .E68 1960 |
||